[Event "German Bundesliga 2021-22"]
[Site "Germany"]
[Date "2022.03.06"]
[Round "2.10"]
[White "Wojtaszek, Radoslaw"]
[Black "Vrolijk, Liam"]
[Result "1-0"]
[WhiteElo "2686"]
[BlackElo "2480"]
[Annotator "TA"]
[PlyCount "127"]
[EventDate "2022.03.05"]
[EventType "team-tourn"]
[EventCountry "GER"]
[SourceTitle "playchess.com"]
[Source "ChessBase"]
[SourceQuality "1"]

{[%evp 9,127,10,17,14,18,22,24,18,16,8,0,0,0,3,7,10,12,14,18,12,10,15,22,16,25,4,19,12,14,16,18,11,15,18,23,8,37,0,38,38,38,38,38,38,38,38,38,38,38,38,38,38,62,62,93,62,93,62,93,62,93,31,92,92,92,92,107,107,107,107,107,107,107,107,107,106,107,93,106,106,107,93,107,107,107,107,1070,93,93,100,1354,70,70,70,70,70,128,70,8518,7520,4610,711,0,0,29961,29961,29961,29958,29970,29971,29971,584,29972,29973,29973,29974,29974,29975,29975,29972]} 1. d4 Nf6 2. c4 e6 3. Bf4 Bb4+ 4. Nd2 d5 5. a3 {[#]} Bd6 $146 ({Predecessor:} 5... Bxd2+ 6. Qxd2 O-O 7. e3 b6 8. Rc1 c5 9. dxc5 Ne4 10. Qc2 Nxc5 11. Nf3 Bb7 {1-0 (30) Graw,C (2217)-Alkhazashvili,O (2065) Germany 2007}) 6. Bxd6 {A50: Queen's Fianchetto Defence (1 d4 Nf6 2 c4 b6).} Qxd6 7. e3 O-O 8. Ngf3 {White has an edge.} b6 9. Rc1 c5 10. Be2 Nbd7 11. O-O Bb7 12. dxc5 bxc5 13. cxd5 exd5 14. b4 Rfc8 15. bxc5 Nxc5 16. Nd4 {[%cal Bf3d4,Bd4e2,Be2f4][%mdl 32]} g6 17. N2b3 Nxb3 18. Qxb3 Ba6 19. Qa4 Bxe2 20. Nxe2 a6 21. Rfd1 Kg7 22. h3 h5 23. Nf4 Rab8 24. Rxc8 Rxc8 25. Qd4 {[%cal Rf4d5]} Qxa3 26. Nxd5 Qd6 27. Nxf6 Qxf6 28. Qxf6+ Kxf6 $14 {[%mdl 4096] Endgame KR-KR} 29. Rd6+ Kg7 30. Rxa6 Rc2 31. g3 f5 32. Ra4 Rb2 33. Kg2 Kf6 34. Kf3 Rc2 35. g4 ({White should try} 35. Ra6+ $16 Kf7 36. h4) 35... hxg4+ (35... fxg4+ $1 $14 36. hxg4 hxg4+ 37. Rxg4 Kf5) 36. hxg4 $16 Rb2 37. Kg3 Re2 38. Ra6+ Kf7 39. g5 Rb2 40. Ra7+ Kf8 41. Rd7 Ra2 42. f3 Re2 43. Kf4 {Threatens to win with Ke5.} Rf2 44. Rd1 Kf7 45. Re1 Ke6 46. Kg3 Ra2 47. Rb1 Re2 $2 {[%mdl 8192]} (47... Ra6 $16 48. Rb5 Kd6) 48. Kf4 $2 (48. Rb7 $1 $18 {is the precise move to win.} Rxe3 49. Rg7) 48... Kf7 49. Rb7+ Kf8 $2 {[%mdl 8192]} (49... Kg8 $16 50. e4 fxe4) 50. e4 $2 ({White has to play} 50. Ke5 $1 $18 {[%cal Re5f6] Hoping for Kf6.} Ra2 51. e4) 50... fxe4 $14 51. fxe4 Ra2 $1 52. Rd7 {And now Ke5 would win.} Rg2 (52... Ra5 $14 53. Rc7 Ke8) 53. Rc7 (53. Ke5 $1 $16 {[%cal Re5f6]}) 53... Ra2 $2 {[%mdl 8192] [#]} (53... Kg8 $14 54. Rd7 Kf8) 54. Ke5 $1 $18 Ra5+ {[#]} 55. Ke6 $1 Ra6+ 56. Kd5 {aiming for e5.} Ra1 $2 {[%mdl 8192]} (56... Ra5+ $11 57. Rc5 Ra1) 57. e5 {[%cal Be4e5,Be5e6,Be6e7][%mdl 32]} Rg1 58. Kd6 Rxg5 59. e6 Rg1 60. Rc8+ Kg7 61. e7 {White mates.} Rd1+ 62. Kc6 Rc1+ 63. Kb7 Rb1+ 64. Ka6 {Weighted Error Value: White=0.40/Black=0.19 (very precise)} 1-0

[Event "German Bundesliga 2021-22"]
[Site "Germany"]
[Date "2022.03.06"]
[Round "2.10"]
[White "Schroeder, Jan-Christian"]
[Black "Saric, Ivan"]
[Result "1/2-1/2"]
[WhiteElo "2564"]
[BlackElo "2678"]
[Annotator "TA"]
[PlyCount "88"]
[EventDate "2022.03.05"]
[EventType "team-tourn"]
[EventCountry "GER"]
[SourceTitle "playchess.com"]
[Source "ChessBase"]
[SourceQuality "1"]

{[%evp 23,88,16,24,13,29,27,31,27,30,0,0,0,0,0,0,0,0,0,0,0,0,0,0,0,0,0,0,0,14,12,34,25,15,6,16,9,16,0,0,0,6,3,3,3,3,3,11,0,0,0,0,0,0,0,0,0,0,0,0,0,0,0,0,0,0,0,0]} 1. e4 c5 2. Nf3 d6 3. d4 cxd4 4. Nxd4 Nf6 5. Nc3 a6 6. Be3 e5 7. Nb3 Be7 8. f3 Be6 9. Qd2 Nbd7 10. g4 O-O 11. O-O-O b5 12. g5 Nh5 13. Kb1 {B90: Sicilian Najdorf: Unusual White 6th moves, 6 Be3 Ng4 and 6 Be3 e5.} Nb6 14. Na5 {[#] Strongly threatening Nc6.} Rc8 {[%cal Oh5f4] To avoid Nc6} 15. a3 {White is slightly better. 15.Nd5 is the fancy move.} (15. Nb7 Qc7 16. Na5 (16. Nxd6 $2 Rcd8 $19) 16... Nf4 17. Bxf4 exf4 $15) 15... g6 16. Rg1 (16. Nb7 Qc7 17. Na5 (17. Nxd6 $2 Rcd8 $19) 17... Rfd8 $11) 16... Qc7 {[%cal Od6d5]} 17. Nd5 Nxd5 18. exd5 Bd7 19. Bd3 Bd8 20. Nc6 Bxc6 21. dxc6 {Be4 is the strong threat.} d5 {Inhibits Be4.} ({Much less strong is} 21... Qxc6 22. Be4 d5 23. Qxd5 (23. Bxd5 Qc7 $14) 23... Qxd5 24. Bxd5 $16 (24. Rxd5 f5 $14)) 22. c3 $1 Qxc6 23. Bc2 d4 24. cxd4 exd4 25. Bxd4 {[#]} Bb6 $146 (25... Ba5 $5 {[%cal Ra5d2]} 26. Qf2 (26. Qxa5 Qxc2+ 27. Ka1 Rc6 $11) 26... Rfd8 $14) ({Predecessor:} 25... Qxf3 26. Rdf1 Qh3 27. Ka2 Qd7 28. Rd1 Ng7 29. Qf2 Ne6 30. Bg7 Qc6 31. Bxf8 Bb6 {½-½ (54) Dominguez Perez,L (2726)-Vachier Lagrave,M (2758) Beijing 2014}) 26. Be4 {A strong pair of Bishops.} Qd6 27. Bxb6 Qxb6 28. Qd4 {The position is equal.} Rb8 29. Qxb6 Rxb6 30. b4 Nf4 {[#] Threatens to win with ...Ne2.} 31. Rd2 {Inhibits Ne2.} a5 32. h4 axb4 33. axb4 Rc8 34. Rg4 Ne6 35. Kb2 Kg7 36. Rd7 Rc7 37. Rxc7 Nxc7 $11 {[%mdl 4096] Endgame KRB-KRN} 38. Bd3 Rd6 {Inhibits Rd4.} 39. Kc2 f5 40. gxf6+ Kxf6 41. Kd2 Nd5 42. Rd4 Ke5 43. Re4+ Kf6 44. Rd4 Ke5 {A balanced but interesting game.  Weighted Error Value: White=0.02 (flawless) /Black=0.02 (flawless)} 1/2-1/2

[Event "German Bundesliga 2021-22"]
[Site "Germany"]
[Date "2022.03.06"]
[Round "2.10"]
[White "Schmittdiel, Eckhard"]
[Black "Ragger, Markus"]
[Result "1/2-1/2"]
[WhiteElo "2402"]
[BlackElo "2656"]
[Annotator "TA"]
[PlyCount "82"]
[EventDate "2022.03.05"]
[EventType "team-tourn"]
[EventCountry "GER"]
[SourceTitle "playchess.com"]
[Source "ChessBase"]
[SourceQuality "1"]

{[%evp 20,82,0,0,0,-6,0,0,0,-15,-19,-30,-29,-29,-24,-52,-32,-54,-13,-12,-8,-54,0,0,0,0,0,0,0,0,0,-6,-7,0,0,0,0,-8,0,0,6,0,0,0,0,0,0,-20,-19,-30,-13,-25,-14,-21,0,0,0,0,0,0,0,0,105,118,81]} 1. e4 c6 2. d3 d5 3. Nd2 e5 4. Ngf3 Bd6 5. g3 Nf6 6. Bg2 O-O 7. O-O Re8 8. Re1 Bg4 9. h3 Bh5 10. c3 Nbd7 11. Qc2 a5 {B10: Caro-Kann: 2 d3 and 2 c4.} 12. a4 Qc7 13. Nh4 Nc5 {[#] The position is equal.} 14. Nf5 $146 ({Predecessor:} 14. Nf1 dxe4 15. dxe4 Bf8 16. Bg5 Nfd7 17. Bf3 Bxf3 18. Nxf3 Qd6 19. Red1 Qe6 20. Kg2 {0-1 (32) Forchert,M (2321)-Gumularz,S (2534) Tegernsee 2021}) 14... Bf8 15. Nb3 Ne6 16. Bd2 Rad8 17. Ne3 b6 18. Rac1 dxe4 (18... Bg6 $15) 19. dxe4 $11 Nd7 20. Nc4 (20. Ra1 $11) 20... b5 (20... Ra8 $1 $15) 21. axb5 a4 22. b6 $1 Nxb6 23. Nba5 Nc5 24. Be3 Nbd7 25. Rb1 f6 26. b4 axb3 $1 27. Nxb3 Nxb3 28. Rxb3 Bf7 29. Bf1 Bc5 30. Rb2 Bxe3 31. Nxe3 Nc5 32. Reb1 Rd7 33. Rd1 Rxd1 34. Nxd1 Qa7 35. Ne3 Rd8 36. Rb4 Kf8 37. Qb1 g6 38. h4 Kg7 39. Bc4 Bxc4 40. Rxc4 Rb8 {[#]} (40... Rd2 $11 {remains equal.}) 41. Qd1 $1 $16 {Hoping for Qd6.} Qe7 {Inhibits Qd6.  Weighted Error Value: White=0.05 (flawless) /Black=0.13 (very precise)} 1/2-1/2

[Event "German Bundesliga 2021-22"]
[Site "Germany"]
[Date "2022.03.16"]
[Round "2.10"]
[White "Piceu, Tom"]
[Black "Papp, Gabor"]
[Result "0-1"]
[WhiteElo "2336"]
[BlackElo "2576"]
[Annotator "TA"]
[PlyCount "86"]
[EventDate "2022.03.05"]
[EventType "team-tourn"]
[EventCountry "GER"]

{[%evp 9,86,-26,-14,-33,-30,-66,-56,-61,-46,-77,-77,-76,-16,-18,-5,0,-9,-10,0,-22,-11,-54,-50,-63,-57,-54,-56,-82,-89,-78,-72,-133,-90,-85,-89,-163,-143,-156,-154,-145,-131,-179,-113,-105,-93,-99,-97,-103,-96,-101,-101,-134,-134,-133,-133,-263,-263,-263,-233,-218,-206,-283,-267,-358,-352,-440,-440,-440,-439,-439,-435,-414,-395,-477,-450,-619,-603,-549,-510]} 1. d4 Nf6 2. c4 e6 3. Nf3 d5 4. Nc3 dxc4 5. a4 Nc6 {[%cal Oe6e5]} 6. Bg5 {[#] D24: Queen's Gambit Accepted: 3 Nf3 Nf6 4 Nc3.} Na5 $146 ({Predecessor:} 6... h6 7. Bh4 Be7 8. e3 Na5 9. Be2 O-O 10. O-O b6 11. Qc2 Ba6 12. Ne5 Bb7 13. Nxc4 Nxc4 14. Bxc4 {0-1 (25) Vontina,M (698)-Mori,R (653) LSS email 2010}) 7. e4 Be7 8. Be2 {Black is slightly better.} h6 9. Bf4 O-O 10. O-O c5 (10... b6 $17) 11. dxc5 $11 Qxd1 12. Raxd1 Bxc5 13. Bd6 Bxd6 14. Rxd6 b6 15. e5 (15. Ne5 $11) 15... Nd7 $15 {[%cal Bf6d7,Bd7c5,Bc5d3][%mdl 32]} 16. Rfd1 Nc5 17. Nd2 Ba6 18. Nde4 Nd3 19. Bxd3 cxd3 20. Nc5 bxc5 (20... Bc4 $142 $1 21. Nxd3 Bb3) 21. Rxa6 $17 Nc4 {[%csl LRb2,LRe5]} 22. b3 (22. Rxd3 $17 Nxe5 23. Rd2) 22... Nxe5 $19 23. f4 Ng6 24. Rxd3 Nxf4 25. Rd7 (25. Rdd6 $17) 25... Rab8 (25... Rfb8 $19 26. Nb5 Ne2+ 27. Kf2 Nd4 28. Nxd4 cxd4) 26. Nb5 $17 Ne2+ 27. Kf2 {[#]} Nd4 28. Nxd4 cxd4 29. Raxa7 Rxb3 {Threatens to win with ...Rc8.} 30. Rxd4 {[%mdl 4096] Endgame KRR-KRR} Rc8 31. Rd2 {Prevents Rc2.} Ra3 {To avoid Ra2} 32. h3 (32. g3 $17) 32... g5 $19 33. Kg1 {[#]} Rc1+ $1 34. Kh2 Rf1 {Prevents Rf2.} 35. a5 h5 {[%cal Bh6h5,Bh5h4][%mdl 32]} 36. a6 h4 {[%cal Og5g4] To avoid g3. Hoping for ...g4!} 37. Ra8+ Kg7 {[%cal Og5g4] Strongly threatening ...g4!} 38. a7 Raa1 {[%csl Ga1][%cal Rf1h1]} 39. g4 hxg3+ 40. Kxg3 Ra3+ 41. Kg2 Rfa1 {Black is clearly winning.} 42. Rd7 R1a2+ 43. Kg1 Rg3+ {Weighted Error Value: White=0.30/Black=0.07 (flawless)} 0-1

[Event "German Bundesliga 2021-22"]
[Site "Germany"]
[Date "2022.03.06"]
[Round "2.11"]
[White "L'Ami, Erwin"]
[Black "Costa, Leonardo"]
[Result "1-0"]
[WhiteElo "2622"]
[BlackElo "2324"]
[Annotator "TA"]
[PlyCount "75"]
[EventDate "2022.03.05"]
[EventType "team-tourn"]
[EventCountry "GER"]
[SourceTitle "playchess.com"]
[Source "ChessBase"]
[SourceQuality "1"]

{[%evp 15,75,13,16,12,11,0,13,12,30,23,34,38,41,53,41,55,50,45,45,31,45,29,63,80,66,64,70,67,58,51,81,81,80,82,106,78,102,97,224,224,314,322,315,243,397,411,529,518,1166,1151,12796,12794,6203,6004,12836,12835,12832,12832,7268,6411,29996,29997]} 1. d4 d5 2. c4 e6 3. Nc3 Nf6 4. cxd5 exd5 5. Bg5 {[%cal Bc1g5,Bg5h4,Bh4g3][%mdl 32]} Be7 6. e3 O-O 7. Bd3 h6 8. Bh4 Re8 9. Nf3 {D35: Queen's Gambit Declined: Exchange Variation.} c6 10. Bg3 $5 {[%mdl 4] [#] Exploring less charted territory.} Nh5 $146 ({Predecessor:} 10... Nbd7 11. h3 Qb6 12. Qc2 Nf8 13. O-O a5 14. a3 Be6 15. Na4 Qd8 16. Nc5 Bxc5 17. Qxc5 {½-½ (78) Boe,M (2284)-Pulpan,J (2407) Chess.com INT 2020}) 11. Be5 {The position is equal.} Bd6 12. h3 Nf6 13. O-O Qe7 14. Bxf6 Qxf6 15. e4 dxe4 16. Nxe4 Qe7 17. Re1 {[%cal Bf1e1,Be1e4,Be4f4][%mdl 32]} Be6 {[#]} 18. Bc4 $1 Nd7 (18... Bb4 19. Nc3) 19. Bxe6 fxe6 (19... Qxe6 $2 20. Nc5 Qf5 21. Rxe8+ (21. Nxb7 Bf8 $16) 21... Rxe8 22. g4 $18 (22. Nxb7 Bf8 $14)) 20. Qb3 $36 {[%mdl 2048] White is pushing.} Nb6 21. Nxd6 Qxd6 22. Re4 Re7 23. Rae1 {[%cal Re4e6]} Rae8 24. Ne5 Nd5 25. a3 Nf6 26. Rf4 {White is much more active.} Nd5 {[#] A mistake that costs the game.} (26... Qd5 $16 {was called for.} 27. Qb4 Qa2) 27. Rh4 $1 $18 {Black must now prevent Qg3.} Nf6 (27... Rf8 $142 28. Ng6 Rf6) 28. Qg3 {Threatens to win with Rxh6.} h5 29. Qg5 c5 $2 (29... Rc7 30. Rxh5 Nxh5 31. Qxh5 Rf8) 30. Rf4 {Strongly threatening Rxf6.} Nd5 31. Rf3 cxd4 (31... Rc7 $142 32. Qxh5 Rf8 33. dxc5 Qxc5) 32. Qxh5 {Hoping for Ng6.} Nf6 {[#]} 33. Rxf6 $1 {[%mdl 512]} gxf6 34. Qg6+ Kf8 35. Qxf6+ Kg8 36. Qg6+ Kf8 37. Re4 {White threatens Rf4+ and mate.} Rg7 38. Rf4+ {Weighted Error Value: White=0.04 (flawless) /Black=0.50} 1-0

[Event "German Bundesliga 2021-22"]
[Site "Germany"]
[Date "2022.03.16"]
[Round "2.11"]
[White "Engel, Luis"]
[Black "Lemmers, Oscar"]
[Result "1/2-1/2"]
[WhiteElo "2564"]
[BlackElo "2346"]
[Annotator "TA"]
[PlyCount "59"]
[EventDate "2022.03.05"]
[EventType "team-tourn"]
[EventCountry "GER"]

{[%evp 11,59,28,39,35,57,20,28,13,58,59,69,52,73,65,64,60,58,60,53,56,70,58,66,45,62,44,45,41,46,49,62,74,80,22,85,31,28,29,54,25,17,0,0,0,0,0,0,0,0,0]} 1. e4 c5 2. Nf3 e6 3. d4 cxd4 4. Nxd4 a6 5. Bd3 Ne7 6. O-O Nbc6 7. Nf3 {B42: Sicilian: Kan Variation: 5 Bd3.} Ng6 8. c4 Qc7 9. Nc3 {White has an edge.} Bd6 {[#]} (9... Bc5 $11 {is more appropriate.}) 10. Be3 $146 ({Predecessor:} 10. Qe2 O-O 11. Be3 Nf4 12. Bxf4 Bxf4 13. g3 Bd6 14. Rfe1 Ne5 15. Nxe5 Bxe5 16. f4 {½-½ (36) Hidalgo Zayas,P (1829)-Rivero Cardozo,A (1925) Bayamo 2018}) 10... Bf4 11. Re1 Bxe3 12. Rxe3 {[%cal Oc3d5]} O-O 13. Qd2 b6 14. Rd1 Rb8 15. b3 Rd8 16. Bf1 f6 17. h4 Nge5 18. Nh2 Nf7 19. Rg3 Bb7 20. Be2 Ne7 21. Bh5 g6 22. Be2 {White is more active.} ({White should try} 22. Bg4 $16) 22... f5 (22... d5 $11) 23. h5 (23. Rd3 $16) 23... fxe4 24. Ng4 Nf5 {[#]} 25. hxg6 $1 hxg6 26. Nf6+ {[%mdl 64] Discovered Attack. The position is equal.} Kg7 27. Nh5+ Kh7 $1 28. Nf6+ Kg7 29. Nh5+ Kh7 $1 30. Nf6+ {Weighted Error Value: White=0.15 (very precise) /Black=0.12 (very precise)} 1/2-1/2

[Event "German Bundesliga 2021-22"]
[Site "Germany"]
[Date "2022.03.06"]
[Round "2.11"]
[White "Martinovic, Sasa"]
[Black "Kraemer, Martin"]
[Result "1-0"]
[WhiteElo "2554"]
[BlackElo "2584"]
[Annotator "TA"]
[PlyCount "49"]
[EventDate "2022.03.05"]
[EventType "team-tourn"]
[EventCountry "GER"]
[SourceTitle "playchess.com"]
[Source "ChessBase"]
[SourceQuality "1"]

{[%evp 12,49,10,8,9,13,13,10,16,25,13,16,18,7,0,-4,0,0,39,23,33,29,22,34,152,162,176,180,191,181,182,185,202,207,196,185,327,320,667,650]} 1. d4 Nf6 2. c4 e6 3. Nc3 Bb4 4. Qc2 d5 5. cxd5 exd5 6. Bg5 {[%cal Bc1g5,Bg5h4,Bh4g3][%mdl 32]} h6 {[%cal Bh7h6,Bh6h5,Bh5h4][%mdl 32]} 7. Bh4 g5 {E35: Nimzo-Indian: Classical: 4...d5 5 cxd5 exd5.} 8. Bg3 Nc6 {now scores much better than the old 8...Ne4.} 9. e3 h5 {The position is equal.} 10. Bb5 h4 11. Be5 O-O 12. h3 $5 {[%mdl 4] Leaves trodden paths.} Nxe5 13. dxe5 Ne4 14. Bd3 {[#]} Nxc3 $146 ({Predecessor:} 14... f5 15. Nf3 Qe7 16. a3 Bxc3+ 17. bxc3 b6 18. c4 Bb7 19. cxd5 Bxd5 20. Bc4 Rad8 {½-½ (56) Sarana,A (2654)-Xiong,J (2709) Chess.com INT 2020}) 15. bxc3 Ba5 16. Nf3 Qe7 17. O-O {[%cal Bh1f1,Bf1b1,Bb1b4,Bb4g4][%mdl 32] Black must now prevent Rad1.} Be6 ({Black should play} 17... f5 $14) 18. Rab1 Kh8 19. Bf5 Rg8 20. Rxb7 ({But not} 20. Bxe6 $6 fxe6 21. Nh2 (21. Rxb7 g4 $11) 21... c6 $16) 20... Bb6 21. Rb1 Qd7 {[#]} 22. Bxe6 Qxe6 23. Rb4 {Threatens to win with Rg4.} Rg6 (23... g4 {is a better defense.}) 24. Rg4 $18 Rag8 $2 {[#]} (24... Rg7 25. Rxg5 Rxg5 26. Nxg5 Qg6 27. Qxg6 fxg6) 25. Nxg5 $1 {[%mdl 512] Weighted Error Value: White=0.01 (flawless) /Black=0.39} 1-0

[Event "German Bundesliga 2021-22"]
[Site "Germany"]
[Date "2022.03.06"]
[Round "2.11"]
[White "Zelbel, Patrick"]
[Black "Kasimdzhanov, Rustam"]
[Result "1/2-1/2"]
[WhiteElo "2461"]
[BlackElo "2659"]
[Annotator "TA"]
[PlyCount "83"]
[EventDate "2022.03.05"]
[EventType "team-tourn"]
[EventCountry "GER"]
[SourceTitle "playchess.com"]
[Source "ChessBase"]
[SourceQuality "1"]

{[%evp 17,83,0,0,0,0,0,0,0,0,0,18,6,18,20,30,0,0,0,0,-28,-11,-10,-16,-24,-24,-24,-18,-21,0,0,0,-2,0,-7,-10,-8,-7,-8,-6,-8,0,0,0,0,34,25,68,65,69,72,72,76,77,77,90,90,102,76,76,76,76,76,76,76,76,76,76,76]} 1. e4 e5 2. Nf3 Nc6 3. Nc3 Nf6 4. d4 exd4 5. Nxd4 Bb4 6. Nxc6 bxc6 7. Bd3 d5 8. exd5 O-O 9. O-O cxd5 10. h3 {To avoid Bg4. C47: Scotch Four Knights and Four Knights with 4 g3.} c6 11. Qf3 Bd6 12. Bf4 {The position is equal.} Be6 13. Ne2 c5 14. Rad1 Rb8 15. b3 Rb6 {[#]} 16. c4 $146 ({Predecessor:} 16. c3 Be7 17. Rfe1 Qc8 18. Bg5 c4 19. Bc2 cxb3 20. axb3 Rc6 21. Qd3 Qa6 22. Nd4 Qxd3 23. Rxd3 {½-½ (41) Godena,M (2508)-Grigoryan,K (2616) Reykjavik 2015}) 16... d4 17. Rfe1 Bc8 {[#] Threatens to win with ...Bb7.} 18. Bg5 h6 19. Bxf6 Qxf6 20. Qxf6 gxf6 21. Ng3 Bxg3 22. fxg3 Be6 23. Rf1 Kg7 24. Rf4 Re8 25. Re1 a5 {[%cal Oa5a4]} 26. Rg4+ Kf8 27. Rh4 a4 28. Bc2 ({Much weaker is} 28. Rxh6 axb3 29. axb3 Rxb3 $17) 28... axb3 29. axb3 Kg7 30. Rh5 Rc6 31. b4 {Hoping for Ba4.} cxb4 (31... Rcc8 $11 {should be considered.}) 32. Ba4 $14 {White is more active.} Rec8 33. Bxc6 Rxc6 {[%mdl 4096] Endgame KRR-KRB. White is better.} 34. Rb5 Rxc4 {[#]} 35. Rb1 $1 Rc3 36. R5xb4 Rxg3 37. Rxd4 Bxh3 38. Kh2 {[%csl LRg3,LRh3]} Bf5 39. Kxg3 Bxb1 40. Kf4 Ba2 41. g3 {[%mdl 1024] White has strong compensation.} Be6 42. Ke4 {Weighted Error Value: White=0.03 (flawless) /Black=0.05 (flawless)} 1/2-1/2

[Event "German Bundesliga 2021-22"]
[Site "Germany"]
[Date "2022.03.06"]
[Round "2.12"]
[White "Naiditsch, Arkadij"]
[Black "Buckels, Valentin"]
[Result "1/2-1/2"]
[WhiteElo "2648"]
[BlackElo "2450"]
[Annotator "TA"]
[PlyCount "90"]
[EventDate "2022.03.05"]
[EventType "team-tourn"]
[EventCountry "GER"]
[SourceTitle "playchess.com"]
[Source "ChessBase"]
[SourceQuality "1"]

{[%evp 15,90,6,10,0,0,0,0,0,0,-7,0,0,0,0,-8,0,0,-13,-8,-36,0,0,0,-6,0,0,0,0,0,-28,0,0,0,-41,-50,-47,-49,-59,-59,-84,-83,-105,-86,-83,-82,-84,-83,-83,-81,-81,-77,-77,-69,-69,-68,-73,-74,-87,-86,-87,-87,-86,-65,-65,-66,-67,-68,-68,-27,-27,-31,-31,-6,-35,0,-36,0]} 1. Nf3 d5 2. g3 Nf6 3. Bg2 e6 4. O-O c5 5. d3 Nc6 6. Nbd2 g6 7. e4 Bg7 8. exd5 Nxd5 9. Nb3 {A08: King's Indian Attack.} b6 $1 10. d4 c4 11. Nbd2 {The position is equal.} c3 12. Ne4 Ba6 13. Re1 O-O 14. Nxc3 Nxc3 15. bxc3 Rc8 {[#]} 16. Bg5 $146 ({Predecessor:} 16. h4 Na5 17. Bd2 Qc7 18. Qc1 Rfd8 19. h5 Bb7 20. hxg6 hxg6 21. Rb1 Bd5 22. a3 {0-1 (33) Geurink,J (2354)-Haast,A (2352) Maastricht 2015}) 16... Ne7 17. Qd2 (17. a4 $5 {[%cal Ra4a5]}) 17... Qc7 (17... Qd6 $5 {[%cal Re7d5]}) 18. a4 Nd5 19. a5 bxa5 20. c4 Bxc4 21. Rxa5 Qb6 22. Ne5 Rc7 {[%cal Oh7h6] Inhibits Nd7.} 23. Rea1 ({But not} 23. Nxc4 Rxc4 24. Ra3 (24. Bxd5 $2 Rxd4 25. Be4 Rxd2 $19) 24... Rxd4 $17) 23... Rfc8 24. h4 (24. Nxc4 Rxc4 25. Rxa7 Bxd4 $17) (24. c3 $1 $11 {was preferrable.}) 24... Bb5 $1 $15 25. Bxd5 exd5 26. Ng4 ({Not} 26. Rb1 $2 a6 27. Bf4 (27. c4 $2 dxc4 28. Nf3 c3 $19) 27... f6 $19) 26... a6 (26... Qxd4 $2 27. Qxd4 Bxd4 28. Rd1 $18) 27. c3 Rxc3 {[#] Hoping for ...h5.} 28. Qf4 Qc7 ({Much weaker is} 28... Qxd4 $6 29. Nh6+ Kh8 30. Nxf7+ Kg8 31. Nh6+ Kh8 32. Nf7+ Kg8 33. Nh6+ Kh8 34. Nf7+ $11) (28... Rd3 {is more complex.} 29. Bf6 Bxf6 30. Nxf6+ Kh8 31. Nxd5 Qxd4 32. Qxd4+ Rxd4 33. Ne3 f5) 29. Nf6+ Bxf6 {This bishop pair is nice.} 30. Qxc7 R3xc7 31. Bxf6 Rc6 32. Be7 Re6 33. Bc5 Rce8 34. Kg2 Kg7 35. R5a3 h6 {[%cal Bh7h6,Bh6g5][%mdl 32]} 36. Rc3 g5 37. hxg5 hxg5 38. g4 Kg6 39. Rh3 Re4 40. f3 Re2+ 41. Kg3 f5 (41... Re1 $15 42. Rh1 R1e3) 42. gxf5+ $11 Kxf5 43. Bd6 Rc8 44. Bc5 Rce8 45. Bd6 Rc8 {Weighted Error Value: White=0.06 (flawless) /Black=0.07 (flawless)} 1/2-1/2